Guía para la formulación de planes y administración de proyectos gubernamentales de textos de estudio: con énfasis especial en los factores de reducción de costos

-д хадгалсан:
Номзүйн дэлгэрэнгүй
Үндсэн зохиолч: Pearce, Douglas (autor)
Формат: Ном
Хэл сонгох:испани
Хэвлэсэн: Santiago UNESCO-OREALC 1987
Цуврал:PICPEMCE
Нөхцлүүд:
Шошгууд: Шошго нэмэх
Шошго байхгүй, Энэхүү баримтыг шошголох эхний хүн болох!

MARC

LEADER 00000nam a2200000 a 4500
001 UCW3590
003 CL-VaPUC
008 881118e19870000CL |||||||||||||||||spa|d
082 0 4 |a 379.156  |b PEA  |2 21 
100 |a Pearce, Douglas  |e autor  |9 307906 
245 1 0 |a Guía para la formulación de planes y administración de proyectos gubernamentales de textos de estudio: con énfasis especial en los factores de reducción de costos 
300 |a 99 p 
942 |c BK 
945 |d 19881118 00:00:00 
260 |a Santiago  |b UNESCO-OREALC  |c 1987 
650 0 |a Libros de texto  |9 270019 
650 0 |a Producción industrial  |9 307907 
583 |a last modification  |c 20160923 01:03:18  |k Rodrigo Vera 
490 0 |a PICPEMCE 
999 |c 217550  |d 217548 
952 |0 0  |1 0  |4 0  |6 379_156000000000000_PEA_1987  |7 0  |8 A  |9 205427  |a BIBEDU  |b BIBEDU  |d 2019-11-15  |i 2733161  |o 379.156 PEA 1987  |p 2733161  |r 2019-11-15  |w 2019-11-15  |y BK  |k EDU